000 00609nam a2200229Ia 4500
003 OSt
005 20220923230658.0
006 a|||||r|||| 00| 0
007 ta
008 Pun
024 _a304,694
037 _cTextual
040 _aARTS
_cARTS
_bPun
041 _2Pun
_aPun
082 _aV2:25xK66w, 153K6
100 _aਗੋਪਾਲ ਸਿੰਘ
245 0 _aਗੁਰੂ ਗੋਬਿੰਦ ਸਿੰਘ
260 _c1966
650 _aਭਾਰਤੀਯ ਇਤਿਹਾਸ
942 _hV2:25xK66w, 153K6
_cTEXL
_2CC
999 _c386501
_d386501